000 00534nam a2200181Ia 4500
008 131103s9999 xx 000 0 und d
020 _a590603442
040 _aLoreto College
041 _aEnglish
082 _aREF/CAR
_bLCBED/12405
100 _aCarson, Mary Kay
245 _aSpace
_b hands-on activities, the latest information, and a colorful learning poster
_cMary Kay Carson
260 _aLondon
_bScholastic
_c1996
300 _a79p.
_b ill.,pic.
_c 24cm.
650 _aRefarence
850 _aLCBED/REF/CAR
942 _cBK
999 _c35872
_d86351